| 000 | 01033nam a2200313Ia 4500 | ||
|---|---|---|---|
| 001 | Para_7589 | ||
| 003 | CHAP | ||
| 008 | 220125s1997 xx 000 0 und d | ||
| 010 | _a206503 | ||
| 040 | _cCHAP | ||
| 090 | _aPA FOLLETO 3502 | ||
| 100 |
_aMarín Jarillo, Antonio _971495 |
||
| 245 |
_aEnemigos naturales de plagas de las cruciferas en el contexto del manejo integrado de plagas / _c por Antonio Marín Jarillo y Rafael Bujanos Muñiz |
||
| 260 |
_aCelaya, Gto. : _b INIFAP. Campo Experimental Bajio |
||
| 300 | _a37 p. | ||
| 440 |
_aPublicación especial; 1 _9164789 |
||
| 650 |
_aControl biológico de plagas _927587 |
||
| 650 |
_aCruciferas _x plagas _929250 |
||
| 650 |
_aManejo integrado de plagas _970365 |
||
| 700 |
_aBujanos Muñiz, Rafael _916011 |
||
| 710 |
_aINIFAP. Campo Experimental Bajío _9172797 |
||
| 901 | _aPA FOLLETO 3502 | ||
| 902 | _aA | ||
| 905 | _a0000001997 adn 0000000000 00 | ||
| 910 | _a1997 | ||
| 942 | _cPARA | ||
| 942 |
_cPARA _d1 |
||
| 999 |
_c206503 _d206503 |
||